| 000 | 00359nas a2200157 a 4500 | ||
|---|---|---|---|
| 001 | 34232 | ||
| 003 | 100942 | ||
| 005 | 20201118101039.0 | ||
| 008 | ||||||n9999 ||| || || | ||
| 041 | _aeng | ||
| 245 | 0 | _aTime - Vol.115 No.1-17,22-23,25-26 | |
| 260 |
_aEstados Unidos : _bTime, _c1980. |
||
| 562 | _e1 | ||
| 773 |
_021966 _aTime |
||
| 942 | _cSISS | ||
| 999 |
_c34232 _d34232 |
||